| 000 | 01642cam a22003614a 4500 | ||
|---|---|---|---|
| 001 | 12345576 | ||
| 005 | 20070724074459.0 | ||
| 008 | 010313s2001 enk b 001 0 eng | ||
| 010 | _a2001025743 | ||
| 020 | _a0521793114 (hbk.) | ||
| 020 | _a9780521793117 (hbk.) | ||
| 020 | _a9780521030571 (pbk.) | ||
| 020 | _a0521030579 (hbk.) | ||
| 040 |
_aDLC _cDLC _dDLC |
||
| 042 | _apcc | ||
| 050 | 0 | 0 |
_aKBP481 _b.A26 2001 |
| 082 | 0 | 0 |
_a340.59 _221 _bABO |
| 100 | 1 |
_aAbou El Fadl, Khaled, _d1963- |
|
| 245 | 1 | 0 |
_aRebellion and Violence in Islamic Law / _cKhaled Abou El Fadl. |
| 260 |
_aCambridge ; _aNew York : _bCambridge University Press, _cc2001. |
||
| 300 |
_axii, 391 p. ; _c24 cm. |
||
| 504 | _aIncludes bibliographical references (p. 343-371) and index. | ||
| 650 | 0 | _aIslamic law. | |
| 650 | 0 |
_aInsurgency _zIslamic countries. |
|
| 650 | 0 |
_aTerrorism _zIslamic countries. |
|
| 856 | 4 | 1 |
_3Sample text _uhttp://www.loc.gov/catdir/samples/cam033/2001025743.html |
| 856 | 4 | 2 |
_3Publisher description _uhttp://www.loc.gov/catdir/description/cam021/2001025743.html |
| 856 | 4 | 1 |
_3Table of contents _uhttp://www.loc.gov/catdir/toc/cam021/2001025743.html |
| 856 | 4 | 2 |
_3Contributor biographical information _uhttp://www.loc.gov/catdir/enhancements/fy0731/2001025743-b.html |
| 942 |
_2ddc _cBB |
||
| 999 |
_c10961 _d10961 |
||